Radio for beginners : (Record no. 183066)
[ view plain ]
| 000 -LEADER | |
|---|---|
| fixed length control field | 01459 a2200181 4500 |
| 003 - CONTROL NUMBER IDENTIFIER | |
| control field | Nust |
| 005 - DATE AND TIME OF LATEST TRANSACTION | |
| control field | 20221220115712.0 |
| 040 ## - CATALOGING SOURCE | |
| Transcribing agency | Nust |
| 082 ## - DEWEY DECIMAL CLASSIFICATION NUMBER | |
| Classification number | 621.384,MAR |
| 100 ## - MAIN ENTRY--PERSONAL NAME | |
| Personal name | Marcus, Abraham |
| 9 (RLIN) | 40045 |
| 245 ## - TITLE STATEMENT | |
| Title | Radio for beginners : |
| Remainder of title | a self-teaching course, based on elements of Radio / |
| Statement of responsibility, etc. | Marcus, Abraham |
| 260 ## - PUBLICATION, DISTRIBUTION, ETC. | |
| Place of publication, distribution, etc. | USA |
| Name of publisher, distributor, etc. | Forces Institue |
| Date of publication, distribution, etc. | 1943 |
| 300 ## - PHYSICAL DESCRIPTION | |
| Extent | 313:p |
| 505 ## - FORMATTED CONTENTS NOTE | |
| Formatted contents note | Wave Motion (Page-1), Wave in Ether (Page-7), A Simple Radio Receiving Set (Page-13), The Arial-Ground System (Page-20), The Tuner (Page-24), The Reproducer (Page-31), The Detector (Page-39), Wave form (Page-46), The Antenna Coupler (Page-60), Electron Flow in the Arial-Ground System (Page-68), Electron Flow in the Tuning Circuit (Page-75), Electron Flow in the Crystal Detector and Phones (Page-85), Vacuum-Tube Detector-the Diode (Page-92), The Vacuum –Tube Detector-the Triode (Page-100), Regenerative Detector (Page-117), The Audio-Frequency Amplifier (Page-127), Eliminating the B Battery (Page-146), Eliminating the A Battery (Page-160), Eliminating the C Battery (Page-167), The A.C-D.C Power Supplies (Page-173), The Dynamic Speaker (Page-178), The Audio-Frequency Amplifier (Page-185), Volume Control (Page-204), Tone Control (Page-217), The Superheterodyne Receiver (Page-224), Types of Vacuum Tubes (Page-241), Final Tests A, B, C, D, E, F, (Page-272). |
| 600 ## - SUBJECT ADDED ENTRY--PERSONAL NAME | |
| Personal name | Marcus, Abraham |
| 9 (RLIN) | 40045 |
| 650 ## - SUBJECT ADDED ENTRY--TOPICAL TERM | |
| Topical term or geographic name entry element | Radio for beginners |
| 9 (RLIN) | 105334 |
| 942 ## - ADDED ENTRY ELEMENTS (KOHA) | |
| Source of classification or shelving scheme | |
| Koha item type | Book |
| Withdrawn status | Lost status | Source of classification or shelving scheme | Damaged status | Not for loan | Permanent Location | Current Location | Shelving location | Date acquired | Full call number | Barcode | Date last seen | Price effective from | Koha item type | Public note |
|---|---|---|---|---|---|---|---|---|---|---|---|---|---|---|
| Military College of Signals (MCS) | Military College of Signals (MCS) | General Stacks | 12/12/2016 | 621.384,MAR | MCS7088 | 12/08/2016 | 12/12/2016 | Book | Almirah No.38, Shelf No.3 | |||||
| Military College of Signals (MCS) | Military College of Signals (MCS) | General Stacks | 12/12/2016 | 621.384,MAR | MCS7089 | 12/08/2016 | 12/12/2016 | Book | Almirah No.84, Shelf No.1 |
